[Event "39th World U20 ch"]
[Site "Yerevan ARM"]
[Date "2000.10.02"]
[Round "13.4"]
[White "Miton, Kamil"]
[Black "Ghaem Maghami, Ehsan"]
[Result "1/2-1/2"]
[WhiteElo "2443"]
[BlackElo "2488"]
[EventDate "2000.09.18"]
[PlyCount "51"]

1.Nf3 Nf6 2.c4 c5 3.Nc3 e6 4.g3 b6 5.Bg2 Bb7 6.O-O Be7 7.d4 cxd4 8.Qxd4 
Nc6 9.Qd2 O-O 10.b3 Qb8 11.Qb2 d6 12.Rd1 Ne5 13.Nxe5 dxe5 14.Bg5 Bxg2 15.
Kxg2 Qb7+ 16.Kg1 Rfd8 17.Qc2 h6 18.Bd2 Bc5 19.Be1 Bd4 20.Rac1 a6 21.Nb1 
Ne4 22.e3 Ng5 23.h4 Nf3+ 24.Kf1 Nh2+ 25.Kg1 Nf3+ 26.Kf1 1/2-1/2

[Event "39th World U20 ch"]
[Site "Yerevan ARM"]
[Date "2000.10.02"]
[Round "13.5"]
[White "Gershon, Alik"]
[Black "Aronian, Levon"]
[Result "1-0"]
[WhiteElo "2502"]
[BlackElo "2551"]
[EventDate "2000.09.18"]
[PlyCount "68"]

1.d4 Nf6 2.c4 e6 3.Nf3 Bb4+ 4.Nbd2 O-O 5.a3 Bxd2+ 6.Qxd2 d6 7.e3 b6 8.Be2 
Nbd7 9.O-O Bb7 10.b4 Ne4 11.Qd3 f5 12.Bb2 Rf6 13.d5 Rh6 14.dxe6 Nf8 15.Nd4
Qh4 16.h3 Qg5 17.f4 Qg6 18.Nxf5 Qxf5 19.Bg4 Qg6 20.e7 Rh4 21.f5 Qg5 22.f6 
gxf6 23.exf8=Q+ Rxf8 24.Rf4 Ng3 25.Kh2 Nh5 26.Be6+ Kg7 27.Rg4 Rxg4 28.Bxg4
Re8 29.Qf1 Ng3 30.Kxg3 h5 31.Qf5 h4+ 32.Kf2 Qxe3+ 33.Kf1 Qe7 34.Qg5+ Kf8 
1-0

[Event "39th World U20 ch"]
[Site "Yerevan ARM"]
[Date "2000.10.02"]
[Round "13.6"]
[White "Acs, Peter"]
[Black "Bunzmann, Dimitrij"]
[Result "0-1"]
[WhiteElo "2497"]
[BlackElo "2484"]
[EventDate "2000.09.18"]
[PlyCount "78"]

1.e4 e6 2.d4 d5 3.Nc3 Bb4 4.e5 c5 5.a3 Bxc3+ 6.bxc3 Ne7 7.Qg4 Qc7 8.Bd3 c4
9.Be2 Nf5 10.Qh3 Nc6 11.g4 Nfe7 12.f4 Bd7 13.Nf3 Qa5 14.Bd2 O-O-O 15.O-O 
Rdf8 16.a4 f5 17.exf6 gxf6 18.Qh4 h6 19.Kh1 Be8 20.Qe1 h5 21.Nh4 hxg4 22.
Bxg4 f5 23.Be2 Rh6 24.Nf3 Rfh8 25.Rf2 Ng8 26.Ne5 Nf6 27.Bf3 Qc7 28.Rg2 Bh5
29.Bxh5 Rxh5 30.Ng6 Re8 31.Qe2 Qh7 32.Ne5 Ne4 33.Rf1 Rh8 34.Rf3 Nxe5 35.
fxe5 Rh4 36.Be1 Rg4 37.Rxg4 fxg4 38.Rf4 Qh3 39.Rxg4 Nf2+ 0-1

[Event "39th World U20 ch"]
[Site "Yerevan ARM"]
[Date "2000.10.02"]
[Round "13.8"]
[White "Blehm, Pawel"]
[Black "Svetuschin, Dumitru"]
[Result "0-1"]
[WhiteElo "2510"]
[BlackElo "2472"]
[EventDate "2000.09.18"]
[PlyCount "90"]

1.e4 c6 2.d4 d5 3.e5 c5 4.dxc5 Nc6 5.Bb5 e6 6.Be3 Ne7 7.c3 Bd7 8.Bxc6 Bxc6
9.Nf3 Nf5 10.Bd4 a5 11.O-O Nxd4 12.Qxd4 a4 13.Nbd2 Ra5 14.b4 axb3 15.Nxb3 
Ra4 16.Qd2 Qc7 17.Nfd4 Qxe5 18.f4 Qf6 19.Rae1 Be7 20.Qe2 Kd7 21.Nf3 Rha8 
22.f5 Re4 23.fxe6+ Qxe6 24.Qd2 Ke8 25.Nfd4 Qe5 26.Qf2 Qh5 27.Nf5 Qg6 28.
Nxe7 Kxe7 29.Nd4 Kf8 30.Nf5 Qf6 31.Rxe4 dxe4 32.Qg3 Qg6 33.Qf4 Qe6 34.Qg3 
g6 35.Nd6 f6 36.c4 Rxa2 37.Nb5 Kg7 38.Nd4 Qe5 39.Qxe5 fxe5 40.Ne6+ Kh6 41.
Rf2 Ra1+ 42.Rf1 Ra4 43.Rf7 e3 44.h4 Ra1+ 45.Kh2 e2 0-1

[Event "39th World U20 ch"]
[Site "Yerevan ARM"]
[Date "2000.10.02"]
[Round "13.9"]
[White "Senff, Martin"]
[Black "Zhang Pengxiang"]
[Result "1/2-1/2"]
[WhiteElo "2354"]
[BlackElo "2525"]
[EventDate "2000.09.18"]
[PlyCount "76"]

1.e4 e6 2.d4 d5 3.Nc3 Bb4 4.e5 c5 5.a3 Bxc3+ 6.bxc3 Ne7 7.Qg4 Qc7 8.Bd3 
cxd4 9.Ne2 dxc3 10.Qxg7 Rg8 11.Qxh7 Qxe5 12.Bf4 Qf6 13.h4 Nd7 14.Bg5 Qh8 
15.Qxh8 Rxh8 16.Nxc3 f6 17.Bf4 a6 18.O-O-O e5 19.Bg3 Nf8 20.f4 e4 21.Be2 
Be6 22.Bf2 Rc8 23.Bd4 Nf5 24.Bxf6 Rh6 25.Be5 Ne3 26.Rd2 Ng6 27.Kb2 Nxe5 
28.fxe5 Ke7 29.g4 Bxg4 30.Nxd5+ Nxd5 31.Bxg4 Rc5 32.e6 Rg6 33.Bh3 Rg3 34.
Bf1 e3 35.Rd4 Nf6 36.Bd3 Kxe6 37.Rb4 b5 38.a4 Rg4 1/2-1/2

[Event "39th World U20 ch"]
[Site "Yerevan ARM"]
[Date "2000.10.02"]
[Round "13.11"]
[White "Izoria, Zviad"]
[Black "Ganguly, Surya Shekhar"]
[Result "0-1"]
[WhiteElo "2450"]
[BlackElo "2498"]
[EventDate "2000.09.18"]
[PlyCount "80"]

1.d4 d5 2.c4 dxc4 3.e4 Nf6 4.e5 Nd5 5.Bxc4 Nb6 6.Bb3 Nc6 7.Ne2 Bf5 8.Nbc3 
e6 9.a3 Qd7 10.Be3 O-O-O 11.O-O h5 12.Qc1 h4 13.Rd1 Qe8 14.Bc2 Bxc2 15.
Qxc2 f6 16.exf6 gxf6 17.h3 Kb8 18.b4 Bd6 19.Kh1 Qf7 20.Rac1 Rhg8 21.Rg1 f5
22.f3 Qg7 23.Qb3 Rge8 24.Rcd1 Bg3 25.Rd3 Ne5 26.Rdd1 Nec4 27.Nb1 Nxe3 28.
Qxe3 Nd5 29.Qd3 Bf2 30.Rgf1 Be3 31.Nbc3 Rg8 32.g4 hxg3 33.Kg2 f4 34.Nxd5 
Rxd5 35.Qe4 Qh6 36.Rh1 Rh8 37.Rd3 Rh5 38.Rxe3 Rxh3 39.Qxf4 Rh2+ 40.Rxh2 
Qxh2+ 0-1

[Event "39th World U20 ch"]
[Site "Yerevan ARM"]
[Date "2000.10.02"]
[Round "13.12"]
[White "Jobava, Baadur"]
[Black "Jenni, Florian"]
[Result "1-0"]
[WhiteElo "2480"]
[BlackElo "2440"]
[EventDate "2000.09.18"]
[PlyCount "127"]

1.Nf3 Nf6 2.c4 b6 3.g3 c5 4.Bg2 Bb7 5.O-O e6 6.b3 Be7 7.Bb2 O-O 8.d3 Nc6 
9.Nbd2 Qc7 10.Qc2 Rac8 11.Rac1 d5 12.Qb1 d4 13.a3 e5 14.Rce1 Ng4 15.h3 Nh6
16.e4 dxe3 17.Rxe3 f6 18.Ne4 Rfe8 19.Re2 Rcd8 20.g4 f5 21.gxf5 Nxf5 22.
Rfe1 Ncd4 23.Bxd4 Nxd4 24.Nxd4 cxd4 25.b4 Bxe4 26.Rxe4 Bg5 27.Qa2 Bf4 28.
c5+ Kh8 29.R4e2 Rf8 30.Rc2 Rf6 31.cxb6 Qxb6 32.Ree2 Rg6 33.Qc4 Qf6 34.Qc6 
Qf5 35.Qf3 h6 36.Kf1 Ra6 37.Ra2 Rc8 38.a4 Qf7 39.Rec2 Rf8 40.a5 Rf6 41.Qd5
Qh5 42.Qf3 Qe8 43.Qb7 Bg5 44.Rc7 Qh5 45.Ke1 Qg6 46.Qe4 Qe8 47.Qb7 Qg6 48.
Qe4 Qe8 49.h4 Bf4 50.Rc6 Qe7 51.Rb2 Rxc6 52.Qxc6 Qxh4 53.Qg6 Be3 54.Be4 
Bxf2+ 55.Kd1 Kg8 56.Qh7+ Kf7 57.Qf5+ Ke7 58.Qxe5+ Kf7 59.Qf5+ Ke7 60.Qc5+ 
Kf7 61.Bd5+ Ke8 62.Qc6+ Ke7 63.Qc7+ Kf6 64.Qd6+ 1-0

[Event "39th World U20 ch"]
[Site "Yerevan ARM"]
[Date "2000.10.02"]
[Round "13.14"]
[White "Sargissian, Gabriel"]
[Black "Berg, Emanuel"]
[Result "1/2-1/2"]
[WhiteElo "2474"]
[BlackElo "2456"]
[EventDate "2000.09.18"]
[PlyCount "96"]

1.Nf3 Nf6 2.c4 e6 3.Nc3 Bb4 4.Qc2 b6 5.g3 Bb7 6.Bg2 O-O 7.O-O d6 8.a3 Bxc3
9.Qxc3 Nbd7 10.d3 Qe7 11.b4 Nh5 12.Be3 c5 13.bxc5 bxc5 14.Rab1 Bc6 15.d4 
cxd4 16.Qxd4 Nhf6 17.Rfd1 d5 18.cxd5 Nxd5 19.Bd2 Rfc8 20.e4 N5b6 21.Bb4 
Qf6 22.Rdc1 Qxd4 23.Nxd4 Ba4 24.Bf1 Ne5 25.Rc5 Nec4 26.Rc1 Rxc5 27.Bxc5 
Rc8 28.Bxb6 Nxb6 29.Rxc8+ Nxc8 30.f4 Kf8 31.Kf2 Ke7 32.Ke3 Kd6 33.Nf3 h6 
34.Kd4 Ne7 35.Ne5 Nc6+ 36.Nxc6 Kxc6 37.Bc4 Bb5 38.Bb3 Ba6 39.g4 Kd6 40.h4 
f6 41.e5+ fxe5+ 42.fxe5+ Kd7 43.g5 hxg5 44.hxg5 Bf1 45.a4 Bh3 46.a5 Kc6 
47.Ba4+ Kb7 48.Kc5 Kc7 1/2-1/2

[Event "39th World U20 ch"]
[Site "Yerevan ARM"]
[Date "2000.10.02"]
[Round "13.15"]
[White "Fontaine, Robert"]
[Black "Arutinian, David"]
[Result "1/2-1/2"]
[WhiteElo "2449"]
[BlackElo "2309"]
[EventDate "2000.09.18"]
[PlyCount "28"]

1.e4 c5 2.Nf3 Nc6 3.d4 cxd4 4.Nxd4 Nf6 5.Nc3 d6 6.Bg5 e6 7.Bb5 Qb6 8.Bxc6+
bxc6 9.Nb3 h6 10.Bxf6 gxf6 11.Qf3 Be7 12.O-O c5 13.Rfd1 Bb7 14.Nd2 Qa6 
1/2-1/2

[Event "39th World U20 ch"]
[Site "Yerevan ARM"]
[Date "2000.10.02"]
[Round "13.16"]
[White "Petrik, Tomas"]
[Black "Halkias, Stelios"]
[Result "1/2-1/2"]
[WhiteElo "2289"]
[BlackElo "2502"]
[EventDate "2000.09.18"]
[PlyCount "124"]

1.e4 c5 2.Nf3 Nc6 3.d4 cxd4 4.Nxd4 Qc7 5.Nc3 e6 6.Nb3 a6 7.Bd3 b5 8.O-O 
Nf6 9.f4 Bb7 10.e5 b4 11.Ne4 Nxe4 12.Bxe4 Be7 13.Be3 Nd8 14.Qf3 Rc8 15.
Rac1 f5 16.exf6 Bxf6 17.Nd4 O-O 18.c3 Bxe4 19.Qxe4 Qb8 20.c4 Nb7 21.b3 Nc5
22.Qf3 Qc7 23.Rcd1 Rf7 24.Ne2 Rcf8 25.Qg4 Kh8 26.g3 Be7 27.Bd4 Qa5 28.Nc1 
Ne4 29.Rfe1 Nc3 30.Re5 Qa3 31.Rh5 Bf6 32.Bxc3 Bxc3 33.Qg6 h6 34.Qc2 e5 35.
Ne2 exf4 36.Nxf4 Kg8 37.Rhd5 d6 38.Kg2 Be5 39.Nd3 Bc3 40.Qe2 Rf6 41.Rc1 a5
42.Rc2 Ra8 43.Qh5 a4 44.Ra5 Rxa5 45.Qxa5 Rf8 46.bxa4 Kh7 47.Qa6 Bd4 48.c5 
dxc5 49.Qb5 Rb8 50.Qc4 Qxa4 51.Nxc5 Qc6+ 52.Kh3 Bxc5 53.Qxc5 Qe6+ 54.Kg2 
Qe4+ 55.Kh3 Ra8 56.Qc4 Qf5+ 57.Kg2 Rf8 58.Qe2 Qd5+ 59.Kg1 Qd4+ 60.Kg2 Qd5+
61.Kg1 Rd8 62.Qf2 Re8 1/2-1/2

[Event "39th World U20 ch"]
[Site "Yerevan ARM"]
[Date "2000.10.02"]
[Round "13.18"]
[White "Mateuta, Gabriel"]
[Black "Mahjoob, Morteza"]
[Result "1-0"]
[WhiteElo "2409"]
[BlackElo "2337"]
[EventDate "2000.09.18"]
[PlyCount "51"]

1.d4 f5 2.g3 Nf6 3.Bg2 g6 4.Nf3 Bg7 5.O-O O-O 6.b4 d6 7.Bb2 c6 8.c4 Qe8 9.
Nbd2 h6 10.a4 g5 11.e3 a6 12.Qb3 Nbd7 13.Rfe1 Qf7 14.Re2 Rb8 15.b5 c5 16.
Rae1 e6 17.Qc2 b6 18.dxc5 bxc5 19.e4 g4 20.exf5 gxf3 21.fxe6 Qh5 22.Bxf3 
Ng4 23.Bxg4 Qxg4 24.Bxg7 Qxg7 25.exd7 Bxd7 26.Qd3 1-0

[Event "39th World U20 ch"]
[Site "Yerevan ARM"]
[Date "2000.10.02"]
[Round "13.20"]
[White "Kozhukharov, Spas"]
[Black "Perelshteyn, Eugene"]
[Result "0-1"]
[WhiteElo "2196"]
[BlackElo "2424"]
[EventDate "2000.09.18"]
[PlyCount "100"]

1.e4 c5 2.Nf3 g6 3.d4 cxd4 4.Nxd4 Nc6 5.c4 Nf6 6.Nc3 d6 7.f3 Nxd4 8.Qxd4 
Bg7 9.Be3 O-O 10.Qd2 Be6 11.Rc1 Qa5 12.Nd5 Qxa2 13.Nxe7+ Kh8 14.Be2 Ng8 
15.Nxg8 Kxg8 16.b4 Qxd2+ 17.Kxd2 a5 18.bxa5 Rxa5 19.Rc2 Bd7 20.Rb1 Bc6 21.
Bb6 Rh5 22.h3 f5 23.exf5 Rhxf5 24.Ke3 Re8+ 25.Kf2 Be4 26.Rbc1 Bxc2 27.Rxc2
Rfe5 28.Bc7 R5e6 29.Bd3 Rc8 30.Bb6 d5 31.Be3 Rec6 32.c5 d4 33.Bf4 Rxc5 34.
Rb2 b5 35.Rxb5 Rxb5 36.Bxb5 Rc2+ 37.Kf1 Rb2 38.Bc4+ Kf8 39.g4 Ke7 40.g5 
Rb1+ 41.Kf2 Rb4 42.Bd3 Rb2+ 43.Ke1 Ke6 44.Bd2 Bf8 45.Bc4+ Ke5 46.Bg8 Bb4 
47.Bxb4 Rxb4 48.Bxh7 Kf5 49.h4 Rb1+ 50.Ke2 Rh1 0-1

[Event "39th World U20 ch"]
[Site "Yerevan ARM"]
[Date "2000.10.02"]
[Round "13.21"]
[White "Felgaer, Ruben"]
[Black "Gagunashvili, Merab"]
[Result "1/2-1/2"]
[WhiteElo "2390"]
[BlackElo "2321"]
[EventDate "2000.09.18"]
[PlyCount "76"]

1.e4 c5 2.Nf3 Nc6 3.Nc3 Nf6 4.Bb5 Nd4 5.e5 Nxb5 6.Nxb5 Nd5 7.c4 Nb4 8.d4 
a6 9.Nc3 cxd4 10.Nxd4 Qc7 11.O-O Qxc4 12.Nf5 e6 13.Nd6+ Bxd6 14.Qxd6 Nc2 
15.Bg5 Qb4 16.Ne4 h6 17.Be3 Qxe4 18.Bc5 Qh4 19.Rac1 b6 20.Qxb6 Nd4 21.Bxd4
O-O 22.Rc7 a5 23.Rfc1 Qe4 24.Bc5 Re8 25.Bd6 Ba6 26.f3 Qa4 27.b3 Qf4 28.Qc5
Rec8 29.h3 Rxc7 30.Bxc7 Bb7 31.Rc4 Qd2 32.Qf2 Qd1+ 33.Kh2 Bd5 34.Rg4 Rc8 
35.Qg3 g5 36.Rxg5+ hxg5 37.Qxg5+ Kh7 38.Qh4+ Kg8 1/2-1/2

[Event "39th World U20 ch"]
[Site "Yerevan ARM"]
[Date "2000.10.02"]
[Round "13.22"]
[White "Skytte, Rasmus"]
[Black "Varela, Gaston"]
[Result "1/2-1/2"]
[WhiteElo "2323"]
[BlackElo "2249"]
[EventDate "2000.09.18"]
[PlyCount "27"]

1.e4 c5 2.Nf3 e6 3.c3 d5 4.exd5 Qxd5 5.d4 Nf6 6.Bd3 cxd4 7.cxd4 Nc6 8.O-O 
Be7 9.Nc3 Qd8 10.a3 O-O 11.Re1 b6 12.Bc2 Bb7 13.Qd3 g6 14.Bh6 1/2-1/2

[Event "39th World U20 ch"]
[Site "Yerevan ARM"]
[Date "2000.10.02"]
[Round "13.24"]
[White "Goldenberg, Danny"]
[Black "Saric, Ibro"]
[Result "1/2-1/2"]
[WhiteElo "2310"]
[BlackElo "2345"]
[EventDate "2000.09.18"]
[PlyCount "72"]

1.e4 c5 2.Nf3 d6 3.d4 cxd4 4.Nxd4 Nf6 5.Nc3 a6 6.Bg5 e6 7.f4 Be7 8.Qf3 Qc7
9.O-O-O Nbd7 10.g4 b5 11.Bxf6 Nxf6 12.g5 Nd7 13.f5 Bxg5+ 14.Kb1 Ne5 15.Qh5
Qd8 16.fxe6 g6 17.exf7+ Kxf7 18.Qe2 Bg4 19.Nc6 Bxe2 20.Nxd8+ Raxd8 21.Bxe2
Ke6 22.Nd5 Rc8 23.a4 bxa4 24.Bxa6 Rc5 25.Rhg1 h6 26.Rg3 Rf8 27.Rc3 Rxc3 
28.Nxc3 Nf3 29.h3 Nd2+ 30.Ka2 Rf2 31.Nxa4 Nxe4 32.Re1 d5 33.c4 Kd6 34.cxd5
Nc5 35.Nxc5 Kxc5 36.Bd3 Bf6 1/2-1/2

[Event "39th World U20 ch"]
[Site "Yerevan ARM"]
[Date "2000.10.02"]
[Round "13.25"]
[White "Asauskas, Henrikas"]
[Black "Jakic, Ivan"]
[Result "1/2-1/2"]
[WhiteElo "2245"]
[BlackElo "2272"]
[EventDate "2000.09.18"]
[PlyCount "84"]

1.e4 e6 2.Nf3 c5 3.c3 Nf6 4.e5 Nd5 5.d4 cxd4 6.cxd4 b6 7.Bd3 Bb4+ 8.Bd2 
Bxd2+ 9.Qxd2 Ba6 10.Bxa6 Nxa6 11.Nc3 Nxc3 12.bxc3 d5 13.exd6 Qxd6 14.O-O 
O-O 15.Qd3 Nc5 16.Qe3 Nd7 17.c4 Rac8 18.Rac1 Rc6 19.Rc2 Rfc8 20.Rfc1 Qc7 
21.h3 Qb7 22.a4 R8c7 23.Qb3 Qc8 24.a5 bxa5 25.c5 e5 26.Nxe5 Nxe5 27.dxe5 
h6 28.Qa3 Qf5 29.Qe3 Re7 30.f4 f6 31.Qf3 Rec7 32.exf6 Rxf6 33.Rc4 Rfc6 34.
Qa3 Re7 35.Qxa5 Re2 36.Qa3 Rg6 37.Qf3 Qe6 38.c6 Rgxg2+ 39.Qxg2 Rxg2+ 40.
Kxg2 Qe2+ 41.Kg3 Qe3+ 42.Kg2 Qe2+ 1/2-1/2

[Event "39th World U20 ch"]
[Site "Yerevan ARM"]
[Date "2000.10.02"]
[Round "13.26"]
[White "Fernando, Diogo"]
[Black "Ginzburg, Mikhail"]
[Result "1-0"]
[WhiteElo "2257"]
[BlackElo "2276"]
[EventDate "2000.09.18"]
[PlyCount "81"]

1.e4 c5 2.Nf3 Nf6 3.e5 Nd5 4.Nc3 Nxc3 5.dxc3 g6 6.Bf4 Bg7 7.Qd2 Nc6 8.Qe3 
Qa5 9.Bc4 h6 10.h4 b5 11.Bd5 b4 12.O-O bxc3 13.bxc3 e6 14.Bxc6 dxc6 15.Nd2
Ba6 16.Rfe1 c4 17.Ne4 Bxe5 18.Rad1 Bg7 19.Nd6+ Kf8 20.Nxf7 Qxc3 21.Nxh8 
Qxe3 22.Nxg6+ Kf7 23.Rxe3 Kxg6 24.Rxe6+ Kf5 25.Rxc6 Kxf4 26.Rxa6 c3 27.Rd7
Be5 28.Raxa7 Rb8 29.Rab7 Ra8 30.Rb4+ Kf5 31.a4 Ke6 32.Rh7 Rd8 33.Rxh6+ Kf7
34.f4 Rd1+ 35.Kh2 Kg7 36.Rc6 Bf6 37.Rb7+ Kg6 38.Rbb6 Kh5 39.Rxf6 Rd2 40.
Kh3 Rd6 41.g4# 1-0

[Event "39th World U20 ch"]
[Site "Yerevan ARM"]
[Date "2000.10.02"]
[Round "13.27"]
[White "Jirka, Jiri"]
[Black "Al-Sayed, Mohamad Naser"]
[Result "1-0"]
[WhiteElo "2302"]
[BlackElo "2370"]
[EventDate "2000.09.18"]
[PlyCount "107"]

1.d4 Nf6 2.c4 g6 3.g3 Bg7 4.Bg2 O-O 5.Nc3 d6 6.Nf3 Nc6 7.d5 Na5 8.b3 c6 9.
Bb2 Ne4 10.Nd4 Nxc3 11.Bxc3 c5 12.Nb5 a6 13.Bxg7 Kxg7 14.Nc3 Bd7 15.h4 h5 
16.O-O b5 17.Qd3 Rb8 18.Ne4 Kg8 19.Nd2 Qc7 20.Qc3 Rb7 21.f4 Rfb8 22.e4 
bxc4 23.bxc4 Rb2 24.f5 Rxd2 25.Qxd2 Nxc4 26.Qh6 Ne5 27.fxg6 fxg6 28.Rf2 
Qd8 29.Raf1 Qe8 30.Qd2 Qd8 31.Bf3 Bh3 32.Rc1 Bg4 33.Be2 Bxe2 34.Qxe2 c4 
35.Rcf1 Qd7 36.Qe3 Kg7 37.Qg5 Qa7 38.Kg2 Rh8 39.Rb1 c3 40.Rc2 Rc8 41.Rf1 
Ng4 42.Rf3 Rc4 43.Qf4 Nf6 44.Qe3 Qb7 45.e5 Ng4 46.Qe2 Nxe5 47.Rcxc3 Rd4 
48.Rf2 Qxd5+ 49.Kh3 Rd1 50.Rcf3 e6 51.Qb2 Rd4 52.Rf8 Kh7 53.Qc1 Rc4 54.
Rh8+ 1-0

[Event "39th World U20 ch"]
[Site "Yerevan ARM"]
[Date "2000.10.02"]
[Round "13.30"]
[White "Kose, Serkan"]
[Black "Gombac, Jan"]
[Result "0-1"]
[WhiteElo "2200"]
[BlackElo "2215"]
[EventDate "2000.09.18"]
[PlyCount "76"]

1.e4 c5 2.Nf3 d6 3.c3 Nf6 4.Be2 Nbd7 5.d3 c4 6.O-O cxd3 7.Bxd3 e6 8.Bg5 
Be7 9.Nbd2 O-O 10.Qc2 h6 11.Bh4 b6 12.Rfe1 Qc7 13.Rad1 Bb7 14.Qc1 Nc5 15.
Bb1 e5 16.Qc2 Ne6 17.Bxf6 Bxf6 18.Nf1 Nc5 19.Ng3 g6 20.Qd2 Kg7 21.Qxd6 
Qxd6 22.Rxd6 Na4 23.Rd2 Rfd8 24.Red1 Nxb2 25.Rxd8 Rxd8 26.Rxd8 Bxd8 27.Nf1
Na4 28.Nxe5 Nxc3 29.Bd3 Bc7 30.Nf3 Nxa2 31.N3d2 Nc3 32.f3 b5 33.Kf2 a5 34.
Nb1 Nxb1 35.Bxb1 a4 36.Ke3 Bc8 37.g3 Be6 38.f4 a3 0-1